Provenance and Annotation of Data and Processes 6th International Provenance and Annotation Workshop, IPAW 2016, McLean, VA, USA, June 7-8, 2016, Proceedings /

This book constitutes the refereed proceedings of the 6th International Provenance and Annotation Workshop, IPAW 2016, held in McLean, VA, USA, in June 2016. The 12 revised full papers, 14 poster papers, and 2 demonstration papers presented were carefully reviewed and selected from 54 submissions. T...

Πλήρης περιγραφή

Λεπτομέρειες βιβλιογραφικής εγγραφής
Συγγραφή απο Οργανισμό/Αρχή: SpringerLink (Online service)
Άλλοι συγγραφείς: Mattoso, Marta (Επιμελητής έκδοσης), Glavic, Boris (Επιμελητής έκδοσης)
Μορφή: Ηλεκτρονική πηγή Ηλ. βιβλίο
Γλώσσα:English
Έκδοση: Cham : Springer International Publishing : Imprint: Springer, 2016.
Σειρά:Lecture Notes in Computer Science, 9672
Θέματα:
Διαθέσιμο Online:Full Text via HEAL-Link
LEADER 04822nam a22005895i 4500
001 978-3-319-40593-3
003 DE-He213
005 20160603093159.0
007 cr nn 008mamaa
008 160603s2016 gw | s |||| 0|eng d
020 |a 9783319405933  |9 978-3-319-40593-3 
024 7 |a 10.1007/978-3-319-40593-3  |2 doi 
040 |d GrThAP 
050 4 |a Q334-342 
050 4 |a TJ210.2-211.495 
072 7 |a UYQ  |2 bicssc 
072 7 |a TJFM1  |2 bicssc 
072 7 |a COM004000  |2 bisacsh 
082 0 4 |a 006.3  |2 23 
245 1 0 |a Provenance and Annotation of Data and Processes  |h [electronic resource] :  |b 6th International Provenance and Annotation Workshop, IPAW 2016, McLean, VA, USA, June 7-8, 2016, Proceedings /  |c edited by Marta Mattoso, Boris Glavic. 
264 1 |a Cham :  |b Springer International Publishing :  |b Imprint: Springer,  |c 2016. 
300 |a XI, 236 p. 80 illus.  |b online resource. 
336 |a text  |b txt  |2 rdacontent 
337 |a computer  |b c  |2 rdamedia 
338 |a online resource  |b cr  |2 rdacarrier 
347 |a text file  |b PDF  |2 rda 
490 1 |a Lecture Notes in Computer Science,  |x 0302-9743 ;  |v 9672 
505 0 |a RecProv: Towards Provenance-Aware Userspace Record and Replay -- Tracking and Analyzing the Evolution of Provenance from Scripts -- Trade-offs in Automatic Provenance Capture -- Analysis of Memory Constrained Live Provenance -- Analyzing Provenance across Heterogeneous Provenance Graphs -- Prov Viewer: A Graph-Based Visualization Tool for Interactive Exploration of Provenance Data -- Intermediate Notation for Provenance and Workflow Reproducibility -- Towards the Domain Agnostic Generation of Natural Language Explanations from Provenance Graphs for Casual Users -- Versioning Version Trees: The Provenance of Actions that Affect Multiple Versions -- Enabling Web Service Request Citation by Provenance Information -- Modelling Provenance of Sensor Data for Food Safety Compliance Checking -- Modelling Provenance Collection Points and Their Impact on Provenance Graphs -- Yin & Yang: Demonstrating Complementary Provenance from NoWorkflow & YesWorkflow -- MPO: a System to Document and Analyze Distributed Heterogeneous Workflows -- PROV-JSONLD: A JSON and Linked Data Representation for Provenance -- Provenance as Essential Infrastructure for Data Lakes -- Provenance-Based Retrieval: Fostering Reuse and Reproducibility across Scientific Disciplines -- Addressing Scientific Rigor in Data Analytics Using Semantic Workflows -- Reconstructing Human-Generated Provenance through Similarity-Based Clustering -- Social Media Data in Research: Provenance Challenges -- Fine-Grained Provenance Collection over Scripts Through Program Slicing -- Prov2ONE: An Algorithm for Automatically Constructing ProvONE Provenance Graphs -- Implementing Unied Why- and Why-Not Provenance through Games -- SisGExp: Rethinking Long-Tail Agronomic Experiments -- Towards Provenance Capturing of Quantified Self Data -- A Review of Guidelines and Models for Representation of Provenance Information from Neuroscience Experiments -- Tracking and Establishing Provenance of Earth Science Datasets: A NASA-Based Example -- DataONE: A Data Federation with Provenance Support. 
520 |a This book constitutes the refereed proceedings of the 6th International Provenance and Annotation Workshop, IPAW 2016, held in McLean, VA, USA, in June 2016. The 12 revised full papers, 14 poster papers, and 2 demonstration papers presented were carefully reviewed and selected from 54 submissions. The papers feature state-of-the-art research and practice around the automatic capture, representation, and use of provenance. They are organized in topical sections on provenance capture, provenance analysis and visualization, and provenance models and applications. 
650 0 |a Computer science. 
650 0 |a Database management. 
650 0 |a Information storage and retrieval. 
650 0 |a Artificial intelligence. 
650 0 |a Computers and civilization. 
650 0 |a Management information systems. 
650 1 4 |a Computer Science. 
650 2 4 |a Artificial Intelligence (incl. Robotics). 
650 2 4 |a Database Management. 
650 2 4 |a Information Storage and Retrieval. 
650 2 4 |a Information Systems Applications (incl. Internet). 
650 2 4 |a Management of Computing and Information Systems. 
650 2 4 |a Computers and Society. 
700 1 |a Mattoso, Marta.  |e editor. 
700 1 |a Glavic, Boris.  |e editor. 
710 2 |a SpringerLink (Online service) 
773 0 |t Springer eBooks 
776 0 8 |i Printed edition:  |z 9783319405926 
830 0 |a Lecture Notes in Computer Science,  |x 0302-9743 ;  |v 9672 
856 4 0 |u http://dx.doi.org/10.1007/978-3-319-40593-3  |z Full Text via HEAL-Link 
912 |a ZDB-2-SCS 
912 |a ZDB-2-LNC 
950 |a Computer Science (Springer-11645)